000 00428pab a2200169 454500
008 180718b2013 xxu||||| |||| 00| 0 eng d
100 _aShivay, Yashbir Singh
245 _aEfficient use of fertilisers can increase agricultural production
260 _c2013
300 _ap.9-16.
362 _aJun
650 _aFertilizers
650 _aAgricultural production
773 _aKurukshetra
908 _aN
909 _a99206
999 _c99205
_d99205